| 000 | 00922cam a2200289 a 4500 | ||
|---|---|---|---|
| 001 | 4527846 | ||
| 003 | ARRUPE | ||
| 005 | 20150313174033.0 | ||
| 008 | 040129s2004 dcu b 001 0 eng | ||
| 010 | _a2003007838 | ||
| 020 | _a0813213614 (pbk. : alk. paper) | ||
| 035 | _a(OCoLC)52057609 | ||
| 035 | _a(OCoLC)ocm52057609 | ||
| 035 | _a(NNC)4527846 | ||
| 040 |
_aDLC _cDLC _dDLC _dNNUT |
||
| 042 | _apcc | ||
| 090 |
_aBX2380 _b.R48 2003 |
||
| 245 | 0 | 0 |
_aRevisiting the idea of vocation : _btheological explorations / _cedited by John C. Haughey |
| 260 |
_aWashington, D.C. : _bCatholic University of America Press, _cc2004 |
||
| 300 |
_axiv, 249 p. ; _c22 cm |
||
| 504 | _aIncludes bibliographical references and indexes | ||
| 650 | 0 |
_aVocation, Ecclesiastical. _915141 |
|
| 650 | 0 |
_aVocation _xCatholic Church. _915142 |
|
| 700 | 1 |
_aHaughey, John C. (ed.) _915143 |
|
| 942 |
_2lcc _cMONOGRAPH |
||
| 999 |
_c122052 _d122052 |
||